NFL Team Logo Colors - Statistics

General Stats
  • This quiz has been taken 2,256 times
    2,044 since last reset
  • The average score is 54 of 110
Answers on the Map
Answers color-coded by a green-red scale on the quiz's map according to % correct below.
 
Answer Stats
Team Colour % Correct
Baltimore Ravens White
82%
Indianapolis Colts Speed Blue
76%
Baltimore Ravens Black
75%
Baltimore Ravens Purple
75%
Baltimore Ravens Gold
74%
Indianapolis Colts White
74%
Cincinnati Bengals Orange
73%
Cincinnati Bengals Black
72%
Buffalo Bills Red
72%
Buffalo Bills Royal Blue
72%
Cincinnati Bengals White
72%
Buffalo Bills White
71%
Cleveland Browns Orange
70%
Jacksonville Jaguars Black
64%
Kansas City Chiefs Red
64%
Las Vegas Raiders Black
63%
Kansas City Chiefs White
63%
Cleveland Browns White
62%
Las Vegas Raiders White
62%
Houston Texans Battle Red
61%
Kansas City Chiefs Black
61%
Houston Texans Deep Steel Blue
61%
New York Jets Gotham Green
61%
Los Angeles Chargers Powder Blue
61%
Baltimore Ravens Red
61%
Los Angeles Chargers Sunshine Gold
61%
Houston Texans White
61%
Cleveland Browns Brown
60%
New England Patriots Nautical Blue
60%
Denver Broncos Orange
60%
New England Patriots Red
60%
Las Vegas Raiders Silver
60%
Denver Broncos White
60%
Los Angeles Chargers White
60%
New York Jets White
60%
Denver Broncos Navy Blue
58%
Miami Dolphins White
57%
New England Patriots White
57%
Arionza Cardinals Cardinal Red
56%
Miami Dolphins Orange
56%
Jacksonville Jaguars White
56%
Jacksonville Jaguars Orange
55%
Pittsburgh Steelers Gold
54%
New England Patriots Silver
54%
Pittsburgh Steelers White
54%
Pittsburgh Steelers Black
53%
Tennessee Titans Blue (Navy Blue & 'Titans Blue')
53%
Pittsburgh Steelers Red
53%
Arionza Cardinals Black
52%
Pittsburgh Steelers Blue
52%
Arionza Cardinals White
52%
Arionza Cardinals Yellow
51%
Miami Dolphins Aqua
50%
Tennessee Titans Red
50%
Tennessee Titans White
50%
Green Bay Packers Dark Green
48%
Carolina Panthers Panther Blue
48%
Jacksonville Jaguars Teal
48%
Green Bay Packers White
48%
Carolina Panthers Black
47%
Chicago Bears Burnt Orange
47%
Dallas Cowboys Navy Blue
47%
Dallas Cowboys White
47%
Green Bay Packers Gold
46%
Detroit Lions Honolulu Blue
46%
Detroit Lions White
46%
Atlanta Falcons Black
45%
Atlanta Falcons Red
45%
Pittsburgh Steelers Silver
45%
Tennessee Titans Silver
45%
Atlanta Falcons White
45%
Chicago Bears White
45%
Los Angeles Rams Blue
44%
Miami Dolphins Marine Blue
44%
Los Angeles Rams Yellow
44%
Carolina Panthers Silver
42%
Los Angeles Rams White
42%
Atlanta Falcons Silver
41%
Detroit Lions SIlver
41%
Chicago Bears Navy Blue
37%
Minnesota Vikings Yellow
37%
Minnesota Vikings Black
36%
New York Giants Blue
36%
Los Angeles Rams Gray
36%
New Orleans Saints Old Gold
35%
New York Giants Red
34%
New Orleans Saints White
34%
New Orleans Saints Black
33%
Philadelphia Eagles Black
33%
Minnesota Vikings Purple
33%
San Francisco 49ers Red
33%
Philadelphia Eagles Midnight Green
32%
Minnesota Vikings White
32%
Philadelphia Eagles White
31%
Minnesota Vikings Flesh
29%
San Francisco 49ers Gold
29%
San Francisco 49ers White
29%
Philadelphia Eagles Silver
28%
San Francisco 49ers Black
27%
Seattle Seahawks Navy Blue
26%
Seattle Seahawks White
26%
Tampa Bay Buccaneers Red
25%
Tampa Bay Buccaneers Black
24%
Seattle Seahawks Action Green
23%
Washington Commanders Burgundy
23%
Seattle Seahawks Gray
23%
Tampa Bay Buccaneers White
23%
Washington Commanders Gold
22%
Tampa Bay Buccaneers Gray
19%
Tampa Bay Buccaneers Orange
19%
No matching quizzes found
Score Distribution
Percent of People with Each Score
Percentile by Number Answered
Your Score History
You have not taken this quiz since the last reset